00569nam a22002057a 450000500170000001000130001702000100003003500130004003700160005304000120006908200170008110000170009824500450011526000370016027000480019730000200024550000200026565000380028565000400032320170124110006.0 aA-712093 c00.00 aA-712093 bCen Lib/Ret aDPLbEN a303.372bPAT aPatil, Mohan aA viewpoint on society /cby Mohan Patil aNew DelhibNIB Publishers c1988 a13/22, W.E.A. Karol BaghbNew Delhie110005 a118p.c21cm(Hb) aIncludes index. aSocial ethics--Study and teaching aSocial workers--Professional ethics